Du spirituel dans l'art et dans la peinture en particulier
Saved in:
| Main Author: | |
|---|---|
| Format: | Book |
| Language: | French |
| Published: |
París
Denoel Gonthier
1969
|
| Series: | Bibliotheque Médiations
|
| Subjects: | |
| Tags: |
Add Tag
No Tags, Be the first to tag this record!
|
MARC
| LEADER | 00000nam a2200000 a 4500 | ||
|---|---|---|---|
| 001 | UCU2410 | ||
| 003 | CL-VaPUC | ||
| 008 | 960426e19690000FR |||||||||||||||||fre|d | ||
| 082 | 0 | 4 | |a 750.1 |b KAN |2 21 |
| 100 | |a Kandinsky, Wassily, |d 1866-1944 |q Kandinski, Vasili Vasílievich |e autor |9 595855 | ||
| 245 | 1 | 0 | |a Du spirituel dans l'art et dans la peinture en particulier |
| 300 | |a 182 P | ||
| 942 | |c BK | ||
| 945 | |d 19960426 00:00:00 |a rleighto | ||
| 260 | |a París |b Denoel Gonthier |c 1969 | ||
| 650 | 0 | |a Artes |9 268202 | |
| 650 | 0 | |a Pintura |9 265046 | |
| 650 | 0 | |a Filosofía |9 223554 | |
| 650 | 0 | |a Creación artística |9 266215 | |
| 650 | 0 | |a Artes gráficas |9 265865 | |
| 583 | |a last modification |c 19960426 00:00:00 |k Rodrigo Vera | ||
| 490 | 0 | |a Bibliotheque Médiations | |
| 999 | |c 246708 |d 246706 | ||
| 952 | |0 0 |1 0 |4 0 |6 750_100000000000000_KAN_1969 |7 0 |8 A |9 261896 |a BIBART |b BIBART |d 2019-11-19 |i 3126439 |o 750.1 KAN 1969 |p 3126439 |r 2025-03-13 |w 2019-11-19 |y BK |k ART | ||